000
00306nam a22001217a 4500
082
_a
330
_b
CBSE/E (Q/B)
100
_a
OSWAAL BOOKS
245
_a
QUESTION BANK ECONOMICS
_b
CLASS XI
260
_a
AGRA
_b
OSWAAL BOOKS
_c
2017
300
_a
215
650
_a
ECONOMICS QUESTION PAPER FOR CLASS 11
_z
INDIA
942
_c
BK
999
_c
558
_d
558